Loading...
| Literature - British | 0 | 10 | 0 | 3 | 100 | 89 | 118.60 | 6 | 10 | 0.00 | 0.00 |
| Science - Chemistry | 0 | 10 | 1 | 0 | 95 | 37 | 77.20 | 6 | 10 | 0.00 | 0.00 |
| Literature - European | 0 | 8 | 0 | 2 | 80 | 40 | 87.00 | 5 | 8 | 0.00 | 0.00 |
| Literature - American | 0 | 8 | 1 | 0 | 75 | 59 | 96.00 | 5 | 8 | 0.00 | 0.00 |
| Science - Biology | 0 | 7 | 0 | 1 | 70 | 46 | 87.57 | 5 | 7 | 0.00 | 0.00 |
| Fine Arts - Painting and Sculpture | 0 | 6 | 0 | 1 | 60 | 73 | 114.17 | 2 | 6 | 0.00 | 0.00 |
| Science - Physics | 0 | 6 | 1 | 0 | 55 | 72 | 88.67 | 3 | 6 | 0.00 | 0.00 |
| Mythology | 0 | 5 | 1 | 1 | 45 | 79 | 96.80 | 4 | 5 | 0.00 | 0.00 |
| Fine Arts - Classical Music | 0 | 3 | 0 | 1 | 30 | 101 | 114.67 | 0 | 3 | 0.00 | 0.00 |
| History - World | 0 | 3 | 0 | 1 | 30 | 84 | 108.00 | 1 | 3 | 0.00 | 0.00 |
| Science - Other | 0 | 2 | 0 | 0 | 20 | 71 | 77.00 | 0 | 2 | 0.00 | 0.00 |
| History - Other | 0 | 2 | 0 | 0 | 20 | 94 | 104.50 | 1 | 2 | 0.00 | 0.00 |
| Literature - World | 0 | 3 | 3 | 0 | 15 | 62 | 78.33 | 1 | 3 | 0.00 | 0.00 |
| Religion | 0 | 2 | 1 | 0 | 15 | 111 | 118.00 | 0 | 2 | 0.00 | 0.00 |
| Philosophy | 0 | 1 | 0 | 0 | 10 | 92 | 92.00 | 1 | 1 | 0.00 | 0.00 |
| Fine Arts - Other | 0 | 1 | 1 | 0 | 5 | 126 | 126.00 | 1 | 1 | 0.00 | 0.00 |
| Other Academic | 0 | 0 | 1 | 0 | -5 | 0.00 | 0 | 0 | 0.00 | 0.00 |